<?xml version="1.0" encoding="UTF-8"?>
<record
    xmlns:xsi="http://www.w3.org/2001/XMLSchema-instance"
    xsi:schemaLocation="http://www.loc.gov/MARC21/slim http://www.loc.gov/standards/marcxml/schema/MARC21slim.xsd"
    xmlns="http://www.loc.gov/MARC21/slim">

  <leader>00910nam a2200229 a 4500</leader>
  <controlfield tag="001">53490</controlfield>
  <controlfield tag="003">BD-RjUL</controlfield>
  <controlfield tag="005">20211209075954.0</controlfield>
  <controlfield tag="008">161016s1957    ii ||||| |||| 00| 0 ben d</controlfield>
  <datafield tag="020" ind1=" " ind2=" ">
    <subfield code="c">: IRs 2.50 </subfield>
  </datafield>
  <datafield tag="035" ind1=" " ind2=" ">
    <subfield code="a">(BD-RjUL)53611</subfield>
  </datafield>
  <datafield tag="040" ind1=" " ind2=" ">
    <subfield code="a">BD-RjUL</subfield>
    <subfield code="b">ben </subfield>
    <subfield code="c">BD-RjUL</subfield>
  </datafield>
  <datafield tag="041" ind1=" " ind2=" ">
    <subfield code="a">ben </subfield>
  </datafield>
  <datafield tag="082" ind1=" " ind2=" ">
    <subfield code="2">23 </subfield>
    <subfield code="a">891.44209 </subfield>
    <subfield code="b">BHN 1957 </subfield>
  </datafield>
  <datafield tag="100" ind1=" " ind2=" ">
    <subfield code="a">&#x9AD;&#x99F;&#x9CD;&#x9B0;&#x9BE;&#x99A;&#x9BE;&#x9B0;&#x9CD;&#x9AF;&#x9CD;&#x9AF;, &#x9B8;&#x9BE;&#x9A7;&#x9A8;&#x995;&#x9C1;&#x9AE;&#x9BE;&#x9B0; </subfield>
    <subfield code="9">159906</subfield>
  </datafield>
  <datafield tag="245" ind1="1" ind2="0">
    <subfield code="a">&#x9A8;&#x9BE;&#x99F;&#x995; &#x993; &#x9A8;&#x9BE;&#x99F;&#x995;&#x9C0;&#x9AF;&#x9BC;&#x9A4;&#x9CD;&#x9A4;&#x9CD;&#x9AC; / </subfield>
    <subfield code="c">&#x9B8;&#x9BE;&#x9A7;&#x9A8;&#x995;&#x9C1;&#x9AE;&#x9BE;&#x9B0; &#x9AD;&#x99F;&#x9CD;&#x9B0;&#x9BE;&#x99A;&#x9BE;&#x9B0;&#x9CD;&#x9AF;&#x9CD;&#x9AF; </subfield>
  </datafield>
  <datafield tag="260" ind1=" " ind2=" ">
    <subfield code="a">&#x995;&#x9B2;&#x9BF;&#x995;&#x9BE;&#x9A4;&#x9BE; :</subfield>
    <subfield code="b">&#x99C;&#x9BF;&#x99C;&#x9CD;&#x99E;&#x9BE;&#x9B8;&#x9BE;, </subfield>
    <subfield code="c">&#x9E7;&#x9EF;&#x9EB;&#x9ED; </subfield>
  </datafield>
  <datafield tag="300" ind1=" " ind2=" ">
    <subfield code="a">[&#x9EE;], &#x9E7;&#x9E8;&#x9E6; &#x9AA;&#x9C3;. ; </subfield>
    <subfield code="c">&#x9E7;&#x9EE; &#x9B8;&#x9C7;&#x9AE;&#x9BF;. </subfield>
  </datafield>
  <datafield tag="650" ind1=" " ind2=" ">
    <subfield code="a">&#x9AC;&#x9BE;&#x982;&#x9B2;&#x9BE; &#x9A8;&#x9BE;&#x99F;&#x995; </subfield>
    <subfield code="x">&#x987;&#x9A4;&#x9BF;&#x9B9;&#x9BE;&#x9B8; &#x993; &#x9B8;&#x9AE;&#x9BE;&#x9B2;&#x9CB;&#x99A;&#x9A8;&#x9BE; </subfield>
    <subfield code="9">123674</subfield>
  </datafield>
  <datafield tag="650" ind1=" " ind2=" ">
    <subfield code="a">Bengali Drama </subfield>
    <subfield code="x">History &amp; Criticism </subfield>
    <subfield code="9">127231</subfield>
  </datafield>
  <datafield tag="942" ind1=" " ind2=" ">
    <subfield code="2">ddc</subfield>
    <subfield code="c">BK</subfield>
    <subfield code="0">1</subfield>
  </datafield>
  <datafield tag="999" ind1=" " ind2=" ">
    <subfield code="c">53490</subfield>
    <subfield code="d">53490</subfield>
  </datafield>
  <datafield tag="952" ind1=" " ind2=" ">
    <subfield code="0">0</subfield>
    <subfield code="1">0</subfield>
    <subfield code="2">ddc</subfield>
    <subfield code="4">0</subfield>
    <subfield code="7">0</subfield>
    <subfield code="8">NFIC</subfield>
    <subfield code="a">RUCL</subfield>
    <subfield code="b">RUCL</subfield>
    <subfield code="c">Stack</subfield>
    <subfield code="d">1962-11-16</subfield>
    <subfield code="e">Komola Book </subfield>
    <subfield code="g">2.50</subfield>
    <subfield code="l">1</subfield>
    <subfield code="o">B 891.44209  BHN 1957</subfield>
    <subfield code="r">2016-11-20 00:00:00</subfield>
    <subfield code="s">2016-11-05</subfield>
    <subfield code="t">C-2</subfield>
    <subfield code="w">2016-10-16</subfield>
    <subfield code="y">BK</subfield>
  </datafield>
</record>
